000 00338 a2200157 4500
001 180934
020 _a
040 _cMagnum
100 _aRoss, Nancy Wilson
240 1 0 _aThor no pais dos gigantes
_lpor
245 1 0 _aThor no pais dos gigantes
362 0 _a1899
440 1 _aRecord
697 _aMAGNITO: J/LENDAS
942 _cBK
999 _c180934
_d180934